000 01198nam a22002297a 4500
005 2012021108358.0
010 _a
020 _a
_c200.00
035 _aB-66090
037 _b
082 _a181.45
100 _aपरमानंद
_941615
245 _aमेरा अंतिम आश्रय श्रीमद्भगवद्गीता /
_c परमानंद
246 _a
_b
260 _aनई दिल्ली
_bप्रभात प्रकाशन
_c2003
270 _a
_b
_e
300 _a198पृ.
_c22सेमी (सजिल्द)
700 _923660
942 _2ddc
_cHN
_h181.4
_mपरमा
999 _c62561
_d62561